000 00470nam a2200181Ia 4500
001 4484
005 20260306145759.0
008 260306t2009||||xx |||||||||||||| ||spa||
041 _aESP
082 _a323.1
_bR76
100 _aRodríguez Rescia, Víctor
_eAUT
245 0 _aCasos hipotéticos para el estudio y capacitación en derechos humanos
260 _c2009
300 _a77 páginas :
_c28 cm.
650 _aGEN
654 _aCHU
942 _cLIB
_dJUS
_fJUS
_2ddc
_n
999 _c4484
_d4484